A Textbook of children's and young people's nursing / (Record no. 5684)

MARC details
000 -LEADER
fixed length control field 01136cam a22003257a 4500
001 - CONTROL NUMBER
control field 14828834
003 - CONTROL NUMBER IDENTIFIER
control field OSt
005 - DATE AND TIME OF LATEST TRANSACTION
control field 20251003020003.0
008 - FIXED-LENGTH DATA ELEMENTS--GENERAL INFORMATION
fixed length control field 070430s2007 enka bf 001 0 eng d
010 ## - LIBRARY OF CONGRESS CONTROL NUMBER
LC control number 2007274300
015 ## - NATIONAL BIBLIOGRAPHY NUMBER
National bibliography number GBA655497
Source bnb
016 7# - NATIONAL BIBLIOGRAPHIC AGENCY CONTROL NUMBER
Record control number 013494562
Source Uk
020 ## - INTERNATIONAL STANDARD BOOK NUMBER
International Standard Book Number 0443074011
035 ## - SYSTEM CONTROL NUMBER
System control number (OCoLC)ocm70173202
040 ## - CATALOGING SOURCE
Original cataloging agency UKM
Transcribing agency UKM
Modifying agency BWKUK
-- BAKER
-- OCLCQ
-- YDXCP
-- IXA
-- DLC
042 ## - AUTHENTICATION CODE
Authentication code lccopycat
082 ## - DEWEY DECIMAL CLASSIFICATION NUMBER
Classification number WY 159
Item number T314a 2006
100 ## - MAIN ENTRY--PERSONAL NAME
Personal name Glasper, E Alan
9 (RLIN) 11836
245 00 - TITLE STATEMENT
Title A Textbook of children's and young people's nursing /
Statement of responsibility, etc. E Alan Glasper, Jim Richardson.
246 30 - VARYING FORM OF TITLE
Title proper/short title Handbook of children's and young people's nursing
246 30 - VARYING FORM OF TITLE
Title proper/short title Children's and young people's nursing
260 ## - PUBLICATION, DISTRIBUTION, ETC. (IMPRINT)
Place of publication, distribution, etc. Edinburgh
Name of publisher, distributor, etc. Churchill Livinstone
Date of publication, distribution, etc. 2006.
300 ## - PHYSICAL DESCRIPTION
Extent xvi, 823p. :
Other physical details ill. ;
Dimensions 19 cm.
504 ## - BIBLIOGRAPHY, ETC. NOTE
Bibliography, etc Includes bibliographical references and index.
650 #0 - SUBJECT ADDED ENTRY--TOPICAL TERM
Topical term or geographic name as entry element Pediatric nursing
Form subdivision Handbooks, manuals, etc.
9 (RLIN) 11837
700 ## - ADDED ENTRY--PERSONAL NAME
Personal name Richardson, Jim
9 (RLIN) 11838
906 ## - LOCAL DATA ELEMENT F, LDF (RLIN)
a 7
b cbc
c copycat
d 2
e ncip
f 20
g y-gencatlg
942 ## - ADDED ENTRY ELEMENTS (KOHA)
Source of classification or shelving scheme Other/Generic Classification Scheme
Koha item type Open Shelf
Koha issues (borrowed), all copies 1
Holdings
Withdrawn status Lost status Source of classification or shelving scheme Damaged status Not for loan Home library Current library Date acquired Source of acquisition Inventory number Total Checkouts Full call number Barcode Date last seen Date last checked out Price effective from Koha item type
    Other/Generic Classification Scheme     MUST Main Library MUST Main Library 14/03/2017   2011/35156 1 WY 159 T314a 2006 2017-0384 16/10/2025 02/10/2025 14/03/2017 Open Shelf
    Dewey Decimal Classification     MUST Main Library MUST Main Library 11/10/2023 Purchase 21/41667   WY 159 T314a 2006 2023-0617 11/10/2023   11/10/2023 Open Shelf